Partikulárne riešenie pri počítačovej podpore optimalizácie súčiastok hriadeľového typu : Diplomová práca

Salvato in:
Dettagli Bibliografici
Autore principale: Hrenák, Juraj (Autore)
Altri autori: Tanuška, Pavol, 1966- (xxx)
Natura: Manoscritto Libro
Lingua:slovacco
Pubblicazione: Trnava : STU v Bratislave MtF KAIA, 1995
Soggetti:
Tags: Aggiungi Tag
Nessun Tag, puoi essere il primo ad aggiungerne!!

MARC

LEADER 00000ntm a22000003a 4500
001 stu61300
005 20160719155116.1
008 010925s1995----xo------------------slo-d
040 |a STU  |b slo 
041 0 |a slo 
044 |a xo 
100 1 |a Hrenák, Juraj  |4 aut 
245 1 |a Partikulárne riešenie pri počítačovej podpore optimalizácie súčiastok hriadeľového typu :  |b Diplomová práca 
260 |a Trnava :  |b STU v Bratislave MtF KAIA,  |c 1995 
300 |a 59 s  |c výťah 
650 7 |a Podpora počítačová  |2 stusub 
650 7 |a CAD/CAM  |2 stusub 
650 7 |a aplikovaná informatika a automatizácia v priemysle  |2 stusub 
700 1 |a Tanuška, Pavol,  |d 1966-  |4 xxx  |u M6000  |U MTF Materiálovotechnologická fakulta  |T MTF Ústav aplikovanej informatiky, automatizácie a matematiky  |X 248  |U M6000  |Y 86  |7 A000000248 
996 |b 284M033272  |c M*DP-1243  |l MMSKP  |s P  |a 0  |w stu61300_0001